000 00536nam a2200181Ia 4500
008 240925s9999 xx 000 0 und d
020 _a9789696374541
082 _a371.102 GIN
100 _aGinnis, Paul
245 4 _aThe teacher's toolkit: raise classroom achievement with strategies for every learner
250 _aNA
260 _aKarachi:
_bParamount Publishing Enterprise
_c,2002.
300 _axvii,1117p.
_b0
_fOriginal
500 _aIncludes Index
600 _aSocial Sciences
650 _aSocial Sciences
942 _cBK
999 _c17455
_d17455